000 00556nab a2200193 a 4500
005 20210219160953.0
008 991125s1985 mx 000 0 spa u
035 _aUPN01000176240
100 1 _aCarlos Guzmán, José Jesús
222 _aPERFILES EDUCATIVOS
245 _a¿ Cómo enseñan psicología los profesores efectivos ? : un estudio exploratorio
260 _aMéxico
300 _a8-27
362 0 _a2009 3a época, vol. 31, no. 123
653 0 _aPSICOLOGIA
653 0 _aENSEÑANZA
653 0 _aPRACTICA DOCENTE
905 _aArticulo
999 _c148343
_d148343